000 00770nam a22002537a 4500
003 0
005 20180711110109.0
008 0
010 _aB-158655
020 _c00.00
_a817648881
035 _aB-158655, B-158656
037 _bCen Lib/Ret
040 _aDPL
_bEN
_c0
082 _a372.21
_bMIS
100 _aMishra, R. C.
_91167
245 _aEarly childhood care and education /
_cby R. C. Mishra
260 _aNew Delhi
_bA.P.H.Publishing Corporation
_c2005
270 _bNew Delhi
_a5, Ansari Road, Daryaganj
_e110002
300 _axii, 310p. :
_c20cm(Hb)
_bill.
500 _aIncludes bibliographical references and index
650 _aEarly childhood education.
_916763
650 _aChild care.
_910040
942 _2ddc
_cEN
_h372.21
_mMIS
999 _c126162
_d126162